| 000 | 00630nam a2200205 i 4500 | ||
|---|---|---|---|
| 001 | 128816 | ||
| 003 | ES-MaACL | ||
| 005 | 20250808081754.0 | ||
| 007 | t| | ||
| 008 | 070528s1944 sp ||||1| spa d | ||
| 080 | _a347.81(02) | ||
| 100 | 1 |
_aTapia Salinas, Luis. _9109242 |
|
| 245 | 1 | 0 |
_aManual de derecho aeronáutico / _cpor Luis Tapia Salinas ; prólogo por Felipe Acedo Colunga. |
| 260 |
_aBarcelona : _bBosch, _c[1944] |
||
| 300 |
_a264 p. ; _c23 cm. |
||
| 650 | 7 |
_aDerecho aeronáutico _2embne _911648 |
|
| 700 | 1 |
_aAcedo Colunga, Felipe, _d1896-1965 _918215 |
|
| 852 |
_aES-MaACL _jF-15893 |
||
| 999 |
_c128816 _d128816 |
||